header

Orientalists, Islamists and the global public sphere (Record no. 22928)

MARC details
000 -LEADER
fixed length control field 01504nam a2200385 a 4500
082 04 - DEWEY DECIMAL CLASSIFICATION NUMBER
Classification number 305.6/97
100 1# - MAIN ENTRY--AUTHOR NAME
Personal name Jung, Dietrich,
245 10 - TITLE STATEMENT
Title Orientalists, Islamists and the global public sphere
260 ## - PUBLICATION, DISTRIBUTION, ETC. (IMPRINT)
Place of publication Sheffield ;
-- Oakville, Conn. :
Name of publisher Equinox Pub.,
Year of publication 2011.
300 ## - PHYSICAL DESCRIPTION
Number of Pages 323 p.
490 0# - SERIES STATEMENT
Series statement Comparative Islamic studies
650 #0 - SUBJECT ADDED ENTRY--TOPICAL TERM
Topical Term Orientalism
Topical Term Islam
Topical Term Islam
Topical Term East and West.
856 40 - ELECTRONIC LOCATION AND ACCESS
Uniform Resource Identifier http://site.ebrary.com/lib/rucke/Doc?id=10696995

No items available.

© 2026 Rongo University
Contact us: librarian | system librarian | Rongo university